000 00512nam a22001577a 4500
008 151208b xxu||||| |||| 00| 0 eng d
020 _a9780763717155
050 _aSPE RC 88.9 .B68 2003
100 _aNational Ski patrol.
_d2003.
245 _aOutdoor emergency care.
250 _a4th ed.
260 _aUSA;
_bJones and Bartlett publishers,
_c2003.
300 _axxxvii, 938 p. : ill.
_bIncludes index.
650 _aEmergency.
942 _2lcc
_cBOOKS
_hSPE RC 88.9 .B68 2003
999 _c10628
_d10628